Países de tamaños parecidos #2 - Sudáfrica - Estadísticas

Estadísticas generales
  • Esta prueba ha sido intentada 73 veces
  • La puntuación promedio es 8 de 10
Respuestas en el mapa
Las respuestas están codificadas por una escala verde-roja en el mapa de la prueba según el % correcto abajo.
 
Estadísticas de respuestas
Área de superficie (km^2) País % Correcto
1,279,996 Perú
95%
1,038,700 Colombia
91%
1,266,700 Níger
89%
1,083,301 Bolivia
86%
1,259,200 Chad
86%
1,246,700 Angola
85%
1,220,190 Mali
85%
1,000,000 Etiopía
82%
1,025,520 Mauritania
75%
995,450 Egipto
72%
No se encontraron pruebas coincidentes
Distribución de puntuación
Porcentaje de gente con cada puntuación
Porcentaje por número respondido
Historial de tus puntuaciones
No has intentado esta prueba.